Perspective on Allama Iqbal: A world survey of the Iqbal Studies (Record no. 13573)
[ view plain ]
| 000 -LEADER | |
|---|---|
| fixed length control field | 00530nam a22001817a 4500 |
| 003 - CONTROL NUMBER IDENTIFIER | |
| control field | NUST |
| 020 ## - INTERNATIONAL STANDARD BOOK NUMBER | |
| International Standard Book Number | 9789695623732 |
| 038 ## - RECORD CONTENT LICENSOR | |
| Staff Name | A |
| 082 ## - DEWEY DECIMAL CLASSIFICATION NUMBER | |
| Classification number | 891.43915 MAL |
| 100 ## - MAIN ENTRY--PERSONAL NAME | |
| Personal name | Malik, Nadeem Shafiq Dr. |
| 9 (RLIN) | 457 |
| 245 ## - TITLE STATEMENT | |
| Title | Perspective on Allama Iqbal: A world survey of the Iqbal Studies |
| 260 ## - PUBLICATION, DISTRIBUTION, ETC. | |
| Place of publication, distribution, etc. | Karachi |
| Name of publisher, distributor, etc. | Fiction House |
| Date of publication, distribution, etc. | 2015 |
| 300 ## - PHYSICAL DESCRIPTION | |
| Extent | 184 p. |
| 500 ## - GENERAL NOTE | |
| General note | Includes bibliographical references. |
| 563 ## - BINDING INFORMATION | |
| Binding note | H.B |
| 650 ## - SUBJECT ADDED ENTRY--TOPICAL TERM | |
| Topical term or geographic name entry element | 1. Iqbal, Muhammad Sir, 1877-1938---Criticism and interpretation |
| 9 (RLIN) | 35728 |
| 942 ## - ADDED ENTRY ELEMENTS (KOHA) | |
| Koha item type | Book |
| Source of classification or shelving scheme | |
| Withdrawn status | Lost status | Source of classification or shelving scheme | Damaged status | Not for loan | Permanent Location | Current Location | Shelving location | Date acquired | Source of acquisition | Cost, normal purchase price | Full call number | Barcode | Date last seen | Price effective from | Koha item type |
|---|---|---|---|---|---|---|---|---|---|---|---|---|---|---|---|
| Central Library (CL) | Central Library (CL) | General Stacks | 05/02/2016 | Donation | 695.00 | 891.43915 MAL | SEECSD01290 | 05/11/2016 | 05/11/2016 | Book | |||||
| Central Library (CL) | Central Library (CL) | General Stacks | 05/02/2016 | Donation | 695.00 | 891.43915 MAL | SEECSD01289 | 05/11/2016 | 05/11/2016 | Book |
